| 000 | 00334nam a2200133Ia 4500 | ||
|---|---|---|---|
| 005 | 20251222155129.0 | ||
| 008 | 251222s9999||||xx |||||||||||||| ||spa|| | ||
| 082 | _aEDUM.131.1-2/Ej.2 | ||
| 100 | _aAIPU, AIU, AUGM. | ||
| 245 | 0 | _aLa educación superior en el siglo XXI | |
| 250 | _a1ra. ed. | ||
| 264 | _bCresal Unesco | ||
| 942 | _cLIB | ||
| 999 |
_c38736 _d38736 |
||